|
|
|
|
| LEADER |
01042nam a22002417a 4500 |
| 001 |
37891 |
| 003 |
BD-DhAAL |
| 007 |
9844372755 |
| 008 |
220301t2002 bg ||||| |||| 00| 0 eng d |
| 999 |
|
|
|c 43630
|d 43630
|
| 040 |
|
|
|a BD-DhAAL
|
| 082 |
|
|
|a 491.44321
|
| 100 |
|
|
|a আলম, শফিউল
|9 46294
|
| 245 |
|
|
|a প্রসঙ্গ :
|b ভাষা বানান শিক্ষা /
|c শফিউল আলম
|
| 246 |
|
|
|a Prasanga :
|b bhasha banan shikkha
|
| 260 |
|
|
|a ঢাকা :
|b কাকলী প্রকাশনী,
|c ২০০২
|
| 300 |
|
|
|a ১৯২ পৃষ্ঠা ;
|c ২২ সে.মি.
|
| 526 |
|
|
|a BIED
|
| 541 |
|
|
|a Complimentary copy from BIED
|e 37891
|
| 650 |
|
|
|a Bengali language
|x Orthography and spelling.
|9 46295
|
| 852 |
|
|
|a Ayesha Abed Library
|c BIED Collection
|
| 942 |
|
|
|2 ddc
|c BK
|
| 952 |
|
|
|0 0
|1 0
|2 ddc
|4 0
|6 491_443210000000000_ALA
|7 0
|9 69952
|a BRACUL
|b BRACUL
|c GEN
|d 2022-03-01
|e Complimentary copy from BIED
|l 0
|o 491.44321 ALA
|p 3010037891
|r 2022-03-01
|t 1
|w 2022-03-01
|y BK
|x Transferred from BIED to General Stacks
|